Statistics for Fuerteventura Airport Destinations (Fuerteventura, Spain)

Click here to take the quiz!

General Stats

  • This quiz has been taken 23 times
  • The average score is 68 of 83

Answer Stats

AirlineDestination% Correct
Ryanair/VuelingBarcelona
100%
Aer Lingus/RyanairDublin
100%
Condor/Eurowings Discover/TUI fly DeutschlandFrankfurt
100%
Iberia/Iberia Express/RyanairMadrid
100%
easyJet/Transavia/TUI fly NetherlandsAmsterdam
95%
easyJetBasel/Mulhouse
95%
easyJet/Eurowings/Ryanair/SundairBerlin
95%
VuelingBilbao
95%
Corendon Airlines/Eurowings/Freebird Airlines/RyanairCologne/Bonn
95%
Condor/Corendon Airlines/Eurowings/TUI fly DeutschlandDusseldorf
95%
easyJet/Jet2.com/RyanairEdinburgh
95%
Jet2.comGlasgow
95%
easyJet/TAP Air PortugalLisbon
95%
easyJet/TUI AirwaysLondon (Gatwick)
95%
easyJet/RyanairLondon (Luton)
95%
Jet2.com/RyanairLondon (Stansted)
95%
VuelingMalaga
95%
easyJet/NeosMilan (Malpensa)
95%
Condor/Eurowings Discover/Lufthansa/Marabu/TUI fly DeutschlandMunich
95%
Scandinavian AirlinesOslo (Gardermoen)
95%
SmartwingsPrague
95%
Binter Canarias/CanaryFlyTenerife (North)
95%
RyanairVenice
95%
Chair Airlines/Edelweiss AirZurich
95%
Jet2.comBelfast (International)
89%
Jet2.com/Ryanair/TUI AirwaysBirmingham
89%
easyJet/Jet2.com/TUI AirwaysBristol
89%
TUI fly BelgiumBrussels
89%
SmartwingsBudapest
89%
Scandinavian AirlinesCopenhagen
89%
easyJetGeneva
89%
Binter Canarias/CanaryFlyGran Canaria
89%
Condor/EurowingsHamburg
89%
Corendon Airlines/TUI fly DeutschlandHannover
89%
FinnairHelsinki
89%
Jet2.com/RyanairLeeds/Bradford
89%
LuxairLuxembourg
89%
easyJet/VoloteaLyon
89%
easyJet/Jet2.com/Ryanair/TUI AirwaysManchester
89%
VoloteaMarseille
89%
Transavia/VoloteaNantes
89%
easyJetParis (Charles de Gaulle)
89%
Transavia/VuelingParis (Orly)
89%
PlayReykjavik
89%
Neos/RyanairRome (Fiumicino)
89%
TUI fly NetherlandsRotterdam
89%
Iberia/Ryanair/VuelingSeville
89%
Sunclass AirlinesStockholm (Arlanda)
89%
Condor/Eurowings/TUI fly DeutschlandStuttgart
89%
Iberia/Ryanair/VuelingValencia
89%
Austrian Airlines/RyanairVienna
89%
VuelingAlicante
84%
easyJet/Ryanair/VoloteaBordeaux
84%
Jet2.com/RyanairEast Midlands
84%
Jet2.com/RyanairNewcastle upon Tyne
84%
Enter Air/Smartwings/Wizz AirWarsaw (Chopin)
84%
Neos/RyanairBologna
79%
SundairBremen
79%
Scandinavian AirlinesGothenburg (Landvetter)
79%
RyanairNaples
79%
RyanairCharleroi
74%
Binter CanariasFunchal
74%
VoloteaLille
74%
RyanairPisa
74%
VoloteaToulouse
74%
AlbaStar/RyanairBergamo
68%
Binter CanariasLa Palma
68%
Jet2.com/RyanairLiverpool
68%
Enter AirWroclaw
68%
SundairDresden
63%
Enter Air/Smartwings/Wizz AirKatowice
63%
Condor/Freebird AirlinesLeipzig/Halle
63%
Corendon Airlines/EurowingsNuremberg
63%
RyanairShannon
63%
NeosVerona
63%
RyanairMemmingen
58%
VoloteaAsturias
53%
Enter AirKarlsruhe/Baden-Baden
53%
Ryanair/VuelingSantiago de Compostela
53%
SmartwingsBrno
47%
RyanairWeeze
47%
Freebird AirlinesPaderborn/Lippstadt
42%
SundairKassel
16%

Score Distribution

Percentile by Number Answered

Percent of People with Each Score

Your Score History

You have not taken this quiz